000 00791nam a22002777a 4500
003 DO-SdBNP
005 20260305073959.0
007 ta
008 210920b 2012 dr a 00| 0 eng d
020 _a9789945006520
040 _aDO-SdBNP
_bspa
_cBNPHU
049 _aBNPD
082 4 _aBNPHU 152.4
_bR466p
100 1 _aReynoso, José,
_d1942-
_912652
245 1 0 _aPor qué no los celos /
_cJosé Reynoso ; prólogo Cándido Gerón.
250 _a2a ed.
260 _aSanto Domingo :
_bCentenario,
_c2012.
300 _a128 p. :
_bil. ;
_c21 cm.
500 _aIncluye datos biográficos del autor en las solapas
650 1 4 _aCelos
_912653
650 1 0 _aMatrimonio
_9797
650 1 0 _aEmociones
_9156
700 1 _aGerón, Candido,
_d1948-
_93577
910 _aBtavarez
942 _2ddc
_cLBS1
999 _c50573
_d50573